|
|
|
|
| LEADER |
00000nab a2200000 a 4500 |
| 001 |
vtls000359502 |
| 003 |
SK-MaSNL |
| 005 |
20260302223735.0 |
| 008 |
040806c1989 xo 0 slo |
| 015 |
|
|
|a SNBRB19rr/mm-uuuuu
|
| 035 |
|
|
|a CL0359624
|
| 040 |
|
|
|a SNKBUCL
|b slo
|c SNKBUCL
|e AACR2
|
| 041 |
0 |
|
|a slo
|
| 044 |
|
|
|a xo
|c SK
|
| 080 |
|
|
|a 72.071.1
|2 1981
|
| 080 |
|
|
|a 929 Merganc, Jindřich
|2 1981
|
| 100 |
1 |
|
|a Szolgayová, Elena
|4 aut
|9 219552
|
| 245 |
1 |
0 |
|a Spomienka na Jindřicha Merganca
|c Elena Szolgayová
|
| 300 |
|
|
|b Obr. 1.
|
| 600 |
1 |
7 |
|a Merganc, Jindřich,
|d 1889-1974
|2 snkbucl
|9 132358
|
| 655 |
|
7 |
|a profily
|2 snkbucl
|9 341977
|
| 655 |
|
7 |
|a články z novín a časopisov
|2 snkbucl
|9 267496
|
| 773 |
0 |
|
|t Technické noviny
|g Roč. 37, č. 31 (1989), s. 2
|
| 850 |
|
|
|a Slovenská národná knižnica v Martine
|a MTA001
|
| 852 |
|
|
|a SNK
|b KIS3GCP
|
| 999 |
|
|
|c 1521613
|d 1523543
|